000
00292 a2200121 4500
001
64348
082
_a
515 AYR
090
_c
37983
_d
37983
100
_a
Ayres Frank
245
_a
Schaum's outline of differential and integral calculus
260
_a
NY
_b
McGraw-Hill
_c
1964
300
_a
345 p.
942
_a
NUST-CAE
_k
515 AYR
999
_c
299421
_d
299421